Chapeuzinho vermelho (Record no. 15965)

MARC details
000 -LÍDER
campo de controle de tamanho fixo 00497 a2200205 4500
001 - NÚMERO DE CONTROLE
campo de controle 15965
020 ## - ISBN - INTERNATIONAL STANDARD BOOK NUMBER
ISBN - International Standard Book Number 9788538029380
041 ## - CÓDIGO DE IDIOMA
Código do idioma do texto/trilha sonora ou título diferente por
090 ## - NÚMERO DE CHAMADA LOCAL
Número de chamada (OCLC) (R); Número de chamada, CALL (RLIN) (NR) SK 028 CHA
040 ## - FONTE DA CATALOGAÇÃO
Instituição da catalogação original BR-BrIDEA
Instituição que transcreveu o registro BR-BrIDEA
250 ## - EDIÇÃO
Edição 1.Ed.
245 10 - TÍTULO
Título Chapeuzinho vermelho
Indicação de responsabilidade, etc. Ciranda Cultural
260 ## - PUBLICAÇÃO, DISTRIBUIÇÃO, ETC.
Local de publicação, distribuição, etc. [S.l.]
Nome do editor, distribuidor, etc. Ciranda Cultural
Data da publicação, distribuição, etc. 2016
697 ## - ENTRADA DE ASSUNTO LOCAL--ENTIDADE COLETIVA (RLIN)
Nome corporativo ou nome da jurisdição Clássico.
697 ## - ENTRADA DE ASSUNTO LOCAL--ENTIDADE COLETIVA (RLIN)
Nome corporativo ou nome da jurisdição Contos de Fadas.
697 ## - ENTRADA DE ASSUNTO LOCAL--ENTIDADE COLETIVA (RLIN)
Nome corporativo ou nome da jurisdição Literatura infantil.
700 ## - ENTRADA ADICIONADA - NOME PESSOAL
Nome pessoal Ciranda Cultural.
856 ## - LOCALIZAÇÃO ELETRÔNICA E ACESSO
Uniform Resource Identifier <a href="00002b/00002b1a.jpg">00002b/00002b1a.jpg</a>
942 ## - ELEMENTOS DE ENTRADA ADICIONADOS (KOHA)
Tipo de material Koha Livros
Holdings
Situação do descarte Situação das perdas Situação física Não pode ser emprestado Biblioteca de origem Biblioteca atual Data de aquisição Total de empréstimos Número de chamada completo Código de barras Data de último acesso Data do preço efetivo Tipo de material Koha Fonte da classificação ou esquema de arquivamento na estante Data do último empréstimo
        Canadian School of Niterói - Piratininga Canadian School of Niterói - Piratininga 09/02/2024 2 CIR A20205 22/05/2024 09/02/2024 Livros   17/04/2024
        Colégio Anchieta - Bela Vista Colégio Anchieta - Bela Vista 21/11/2023   LI 028.5 C462c CHA 910/BEL 21/11/2023 21/11/2023 Livros    
        Colégio Anchieta - Bela Vista Colégio Anchieta - Bela Vista 21/11/2023   LI 028.5 C462c CHA 911/BEL 21/11/2023 21/11/2023 Livros    
        Colégio São Paulo Colégio São Paulo 21/11/2023   LI 028.5 CHA 4884/ITA 21/11/2023 21/11/2023 Livros    
        Colégio São Paulo Colégio São Paulo 21/11/2023   LI 028.5 CHA 4885/ITA 21/11/2023 21/11/2023 Livros    
        Colégio São Paulo Colégio São Paulo 22/11/2023   LI 028.5 C462 5724/CSP 22/11/2023 22/11/2023 Livros    
        ECB - SUDOESTE ECB - SUDOESTE 07/12/2016 6 SK 028 CHA 00026170SSW 18/06/2024 23/01/2024 Livros Classificação Decimal de Dewey 28/05/2024
        Leonardo Da Vinci - Osasco Leonardo Da Vinci - Osasco 27/03/2024   I C431 O015384 27/03/2024 27/03/2024 Livros